Discapacidad y subdesarrollo (monografia) /
Guardado en:
| Formato: | Libro |
|---|---|
| Publicado: |
:
,
1992
|
| Materias: | |
| Etiquetas: |
Agregar Etiqueta
Sin Etiquetas, Sea el primero en etiquetar este registro!
|
| LEADER | 00439nam a22001695a 4500 | ||
|---|---|---|---|
| 001 | CEM.cems007808 | ||
| 005 | 20060214000000.0 | ||
| 008 | 130507s1992##################000#0#####d | ||
| 003 | CEMS | ||
| 082 | 0 | 4 | |a F362 |
| 245 | 0 | 0 | |a Discapacidad y subdesarrollo (monografia) / |
| 260 | |a : |b , |c 1992 | ||
| 653 | |a Discapacidad | ||
| 653 | |a Fc | ||
| 653 | |a Retardo mental | ||
| 653 | |a Subdesarrollo | ||
| 859 | |a CEMS |b BIB. CEMS - 11 de abril |h F362 |i 1 |p 260.44 |t Ej.1 | ||
